<?xml version="1.0" encoding="UTF-8"?>
<record
    xmlns:xsi="http://www.w3.org/2001/XMLSchema-instance"
    xsi:schemaLocation="http://www.loc.gov/MARC21/slim http://www.loc.gov/standards/marcxml/schema/MARC21slim.xsd"
    xmlns="http://www.loc.gov/MARC21/slim">

  <leader>03618cam a22002655i 4500</leader>
  <controlfield tag="001">17749709</controlfield>
  <controlfield tag="005">20210414114237.0</controlfield>
  <controlfield tag="008">130523s2012    gh       b    000 0 eng  </controlfield>
  <datafield tag="010" ind1=" " ind2=" ">
    <subfield code="a">  2012313609</subfield>
  </datafield>
  <datafield tag="020" ind1=" " ind2=" ">
    <subfield code="a">9789988161057</subfield>
  </datafield>
  <datafield tag="040" ind1=" " ind2=" ">
    <subfield code="a">DLC</subfield>
    <subfield code="b">eng</subfield>
    <subfield code="c">DLC</subfield>
    <subfield code="e">rda</subfield>
  </datafield>
  <datafield tag="042" ind1=" " ind2=" ">
    <subfield code="a">lcode</subfield>
    <subfield code="a">pcc</subfield>
  </datafield>
  <datafield tag="043" ind1=" " ind2=" ">
    <subfield code="a">f-gh---</subfield>
  </datafield>
  <datafield tag="050" ind1="0" ind2="0">
    <subfield code="a">HB615.B785</subfield>
  </datafield>
  <datafield tag="100" ind1="1" ind2=" ">
    <subfield code="a">Buame, Samuel.</subfield>
  </datafield>
  <datafield tag="245" ind1="1" ind2="0">
    <subfield code="a">Entrepreneurship :entreprenuerial education, venture creation and SME management in Ghana. /</subfield>
    <subfield code="c">Samuel Buame.</subfield>
  </datafield>
  <datafield tag="260" ind1=" " ind2=" ">
    <subfield code="a">Accra :</subfield>
    <subfield code="b">Big Mike's Publication Ltd.,</subfield>
  </datafield>
  <datafield tag="300" ind1=" " ind2=" ">
    <subfield code="a">iv, 377 pages :</subfield>
    <subfield code="c">25 cm.</subfield>
  </datafield>
  <datafield tag="504" ind1=" " ind2=" ">
    <subfield code="a">Includes bibliographical references (pages 355-374).</subfield>
  </datafield>
  <datafield tag="505" ind1=" " ind2=" ">
    <subfield code="a">Contents: Entrepreneurship as a subject of study -- The concept of entrepreneurial education -- A decade of entrepreneurship :the underlying imperatives of entrepreneurship education in ghana -- The need to promote develop entrepreneurship in ghana -- Understanding entrepreneurship -- Nature and development of entrepreneurship:some evolutionary -- Conceptualizing the phenomenon of entrepreneurship -- The different entrepreneurial school of thought -- Entrepreneurship as multidisciplinary perspective -- Entrepreneurship and social progress -- Toward a universal definition -the view of schumpeter -- Model and ''theories'' of entrepreneurship -- Academic entrepreneurship -- Role model and mentorship -- Ghana's development experiences -- Profile of entrepreneurship in ghana -- The different manifestation of entrepreneurial  activities -- Stereotypes of entrepreneurs in ghana -- Taxonomy of entrepreneurial competencies -- Entrepreneurship and innovation -- Innovation defined -- Developing the innovative process -- Innovation amd public policy -- Diffusion of innovations -- Financial support for innovation -- Network and entrepreneurial activities -- Perceptive of network theory -- Ghana as an organizing context for entrepreneurship -- An insight into the political economy of ghana -- bureaucratic institution and entrepreneurship in ghana -- The legal environment and entrepreneurial activities -- The ghana business code -- Ghanaian culture and development of entrepreneurship -- The venture creation process -- A model of entrepreneurship motivation-entrepreneurship intent -- The process of commercializing a business idea -- Writing a business plan -- Entrepreneurial finance:finance the venture -- Structure and key stakeholders of micro-finance in ghana -- Why SME credit schemes have been ineffective -- Managing the venture -- Managing your information system -- Monitoring the operations of the enterprise -- Understanding your balance sheet -- Importance of human resource to the Enterprise -- Drivers of SME growth and wealth creation -- Succession planning or tarn-generational shift -- Some cause of enterprise failures -- Need for an enabling environment -- Monitoring the environment -- The parameters and attributes of the environment -- Business and competition -- Critical success factors (CSFs) -- strategic planning -- Small and medium enterprise (SMEs): development and growth and management -- Definition of SMEs -- Growth strategies -- challenges of SMEs in ghana -- Consulting for SMEs -- Promoting entrepreneurial activities in regions and district of ghana -- International entrepreneurship -- Business exit:some strategies -- Exhibits -- References -- Other documentary sources of data -- Question on entrepreneurship               </subfield>
  </datafield>
  <datafield tag="650" ind1=" " ind2="0">
    <subfield code="a">Entrepreneurship</subfield>
    <subfield code="z">Ghana.</subfield>
  </datafield>
  <datafield tag="906" ind1=" " ind2=" ">
    <subfield code="a">7</subfield>
    <subfield code="b">cbc</subfield>
    <subfield code="c">origode</subfield>
    <subfield code="d">3</subfield>
    <subfield code="e">ncip</subfield>
    <subfield code="f">20</subfield>
    <subfield code="g">y-gencatlg</subfield>
  </datafield>
  <datafield tag="942" ind1=" " ind2=" ">
    <subfield code="2">lcc</subfield>
    <subfield code="c">BK</subfield>
  </datafield>
  <datafield tag="999" ind1=" " ind2=" ">
    <subfield code="c">3171</subfield>
    <subfield code="d">10671</subfield>
  </datafield>
  <datafield tag="952" ind1=" " ind2=" ">
    <subfield code="0">0</subfield>
    <subfield code="1">0</subfield>
    <subfield code="2">lcc</subfield>
    <subfield code="4">0</subfield>
    <subfield code="7">0</subfield>
    <subfield code="a">WIUC-1</subfield>
    <subfield code="b">WIUC-1</subfield>
    <subfield code="c">REF</subfield>
    <subfield code="d">2014-07-21</subfield>
    <subfield code="l">0</subfield>
    <subfield code="o">HB615.B785</subfield>
    <subfield code="p">7704/131/14</subfield>
    <subfield code="r">2014-07-21 00:00:00</subfield>
    <subfield code="t">1</subfield>
    <subfield code="w">2014-07-21</subfield>
    <subfield code="y">BK</subfield>
  </datafield>
  <datafield tag="952" ind1=" " ind2=" ">
    <subfield code="0">0</subfield>
    <subfield code="1">0</subfield>
    <subfield code="2">lcc</subfield>
    <subfield code="4">0</subfield>
    <subfield code="7">0</subfield>
    <subfield code="a">WIUC-1</subfield>
    <subfield code="b">WIUC-1</subfield>
    <subfield code="c">REF</subfield>
    <subfield code="d">2014-07-21</subfield>
    <subfield code="l">0</subfield>
    <subfield code="o">HB615.B7851</subfield>
    <subfield code="p">7705/132/14</subfield>
    <subfield code="r">2014-07-21 00:00:00</subfield>
    <subfield code="t">2</subfield>
    <subfield code="w">2014-07-21</subfield>
    <subfield code="y">BK</subfield>
  </datafield>
  <datafield tag="952" ind1=" " ind2=" ">
    <subfield code="0">0</subfield>
    <subfield code="1">0</subfield>
    <subfield code="2">lcc</subfield>
    <subfield code="4">0</subfield>
    <subfield code="7">0</subfield>
    <subfield code="a">WIUC-1</subfield>
    <subfield code="b">WIUC-1</subfield>
    <subfield code="c">REF</subfield>
    <subfield code="d">2020-02-07</subfield>
    <subfield code="l">0</subfield>
    <subfield code="o">HB615.B7852</subfield>
    <subfield code="p">8561/013/20</subfield>
    <subfield code="r">2020-02-07 00:00:00</subfield>
    <subfield code="t">3</subfield>
    <subfield code="w">2020-02-07</subfield>
    <subfield code="y">BK</subfield>
  </datafield>
  <datafield tag="952" ind1=" " ind2=" ">
    <subfield code="0">0</subfield>
    <subfield code="1">0</subfield>
    <subfield code="2">lcc</subfield>
    <subfield code="4">0</subfield>
    <subfield code="7">0</subfield>
    <subfield code="a">WIUC-1</subfield>
    <subfield code="b">WIUC-1</subfield>
    <subfield code="c">REF</subfield>
    <subfield code="d">2020-02-07</subfield>
    <subfield code="l">0</subfield>
    <subfield code="o">HB615.B7853</subfield>
    <subfield code="p">8562/014/20</subfield>
    <subfield code="r">2020-02-07 00:00:00</subfield>
    <subfield code="t">4</subfield>
    <subfield code="w">2020-02-07</subfield>
    <subfield code="y">BK</subfield>
  </datafield>
</record>
